| 000 | 00774nam a2200265Ia 4500 | ||
|---|---|---|---|
| 003 | OSt | ||
| 005 | 20221006145207.0 | ||
| 006 | a|||||r|||| 00| 0 | ||
| 007 | ta | ||
| 008 | 221006b |||||||| |||| 00| 0 eng d | ||
| 020 |
_a1563246759 _c901.00 |
||
| 024 | _a14,081 | ||
| 037 | _cTextual | ||
| 040 |
_aEASL _cEASL _beng |
||
| 041 |
_2eng _aeng |
||
| 082 | _aA.41.N9, N6 | ||
| 100 |
_aHAAS William J _9653711 |
||
| 245 | 0 |
_aChina voyager _b Gist Gee's life in science |
|
| 260 |
_aArmonk _bM.E. Sharpe London _c1996 |
||
| 300 |
_a345p. _ccm. |
||
| 650 |
_a Science-China-History-20th century _9653712 |
||
| 650 |
_aNatural history-China-History-20th century _9653713 |
||
| 942 |
_hA.41.N9, N6 _cTEXL _2CC |
||
| 999 |
_c1082167 _d1082167 |
||